00338pab a2200133 454500008004000000100002300040245005300063260000900116300001200125362001200137650002700149650001000176773001800186180718b1997 xxu||||| |||| 00| 0 eng d aJudge, Paramjit S. aEmerging trends in the caste structure in Punjab c1997 ap.55-65 aJan-Mar aCaste - India - Punjab aCaste aAdministrator